Studio Ghibli: Filmographie - Statistiques

Statistiques générales
  • Ce quiz a été pris 74 fois
  • Le résultat moyen est 14 sur 25
Statistiques - réponses
Date de sortie Film % Correct
2004 Le Château ambulant
95%
1986 Le Château dans le ciel
95%
1988 Mon voisin Totoro
90%
2001 Le Voyage de Chihiro
88%
1989 Kiki la petite sorcière
82%
1997 Princesse Mononoké
82%
2023 Le Garçon et le Héron
80%
2008 Ponyo sur la falaise
80%
2013 Le Vent se lève
73%
1992 Porco Rosso
72%
1984 Nausicaä de la vallée du vent
70%
1988 Le Tombeau des lucioles
68%
2011 La Colline aux coquelicots
62%
2002 Le Royaume des chats
60%
1994 Pompoko
53%
2014 Souvenirs de Marnie
48%
2006 Les contes de terremer
45%
1995 Si tu tends l'oreille
43%
2013 Le conte de la princesse Kaguya
32%
1991 Souvenirs goutte à goutte
30%
2020 Aya et la Sorcière
25%
1993 Je peux entendre l'océan
25%
1999 Mes voisons les Yamada
2%
2010 Arrietty - Le petit monde des Charpardeurs
0%
1987 L'Histoire du canal de Yanagawa
0%
Aucun quiz correspondant
Distribution des résultats
% des personnes avec chaque résultat
Percentile par nombre de réponses
Votre historique - résultats
Vous n’avez pas pris ce quiz